Statystyki dla Zawodnicy urodzeni przed 1990 rokiem na mundialu w Katarze

Kliknij tutaj aby rozwiązać quiz!

Ogólne statystyki

  • Ten quiz został rozwiązany 17 razy
  • Średni wynik to 26 z 90

Statystyki odpowiedzi

ReprezentacjaRok urodzeniaZawodnik% Poprawnych
Polska1988Robert Lewandowski
100%
Argentyna1987Lionel Messi
93%
Portugalia1985Cristiano Ronaldo
80%
Polska1988Kamil Glik
80%
Polska1988Kamil Grosicki
80%
Argentyna1988Angel di Maria
73%
Urugwaj1987Edinson Cavani
73%
Francja1986Hugo Lloris
73%
Urugwaj1987Luis Suarez
73%
Chorwacja1985Luka Modrić
73%
Walia1989Gareth Bale
67%
Francja1986Olivier Giroud
67%
Polska1987Artur Jędrzejczyk
60%
Urugwaj1986Diego Godin
60%
Ekwador1989Enner Valencia
60%
Meksyk1985Guillermo Ochoa
60%
Dania1986Kasper Schmeichel
60%
Niemcy1986Manuel Neuer
60%
Portugalia1983Pepe
60%
Hiszpania1988Sergio Busquets
53%
Niemcy1989Thomas Muller
53%
Chorwacja1989Ivan Perisić
47%
Francja1987Karim Benzema
47%
Kostaryka1986Keylor Navas
47%
Argentyna1988Nicolas Otamendi
47%
Brazylia1984Thiago Silva
47%
Belgia1989Axel Witsel
40%
Brazylia1983Dani Alves
40%
Belgia1987Jan Vertonghen
40%
Urugwaj1986Fernando Muslera
33%
Portugalia1988Rui Patricio
33%
Dania1989Simon Kjaer
33%
Francja1985Steve Mandanda
33%
USA1987Tim Ream
33%
Szwajcaria1988Yann Sommer
33%
Ghana1989Andre Ayew
27%
Kostaryka1985Bryan Ruiz
27%
Chorwacja1989Dejan Lovren
27%
Chorwacja1989Domagoj Vida
27%
Belgia1987Dries Mertens
27%
Meksyk1988Hector Moreno
27%
Hiszpania1989Jordi Alba
27%
Belgia1989Toby Alderweireld
27%
Walia1987Wayne Hennessey
27%
Meksyk1986Andres Guardado
20%
Kanada1983Atiba Hutchinson
20%
Argentyna1986Franco Armani
20%
Japonia1988Maya Yoshida
20%
Holandia1983Remko Pasveer
20%
Ekwador1988Angel Mena
13%
Senegal1989Cheikhou Kouyate
13%
Japonia1983Eiji Kawashima
13%
Senegal1989Idrissa Gueye
13%
Urugwaj1987Martin Caceres
13%
Kanada1987Milan Borjan
13%
Argentyna1988Papu Gomez
13%
USA1989Sean Johnson
13%
Korea1989Tae-hwan Kim
13%
Brazylia1987Weverton
13%
Ekwador1987Alexander Dominguez
7%
Australia1989Andrew Redmayne
7%
Kostaryka1988Celso Borges
7%
Hiszpania1989Cesar Azpilicueta
7%
Serbia1988Dusan Tadić
7%
Kamerun1989Eric Maxim Choupo-Moting
7%
Ekwador1987Hernan Galindez
7%
Kostaryka1988Kendall Waston
7%
Japonia1989Shuichi Gonda
7%
Belgia1988Simon Mignolet
7%
Japonia1986Yuto Nagatomo
7%
Meksyk1982Alfredo Talavera
0%
Arabia Saudyjska1989Ali Al-Bulaihi
0%
Tunezja1984Aymen Mathlouthi
0%
Walia1989Chris Gunter
0%
Dania1989Daniel Wass
0%
Australia1985Danny Vukovic
0%
Ghana1988Denis Odoi
0%
Kostaryka1989Esteban Alvarado
0%
Brazylia1989Everton Ribeiro
0%
Szwajcaria1989Fabian Frei
0%
Kostaryka1988Johan Venegas
0%
Maroko1989Munir Mohand
0%
Kostaryka1989Oscar Duarte
0%
Meksyk1987Rodolfo Cota
0%
Arabia Saudyjska1989Salman Al-Faraj
0%
Urugwaj1986Sebastian Sosa
0%
Iran1989Shojae Khalilzadeh
0%
Kanada1987Steven Vitoria
0%
Iran1988Wahid Amiri
0%
Korea1989Woo-young Jung
0%

Rozkład punktacji

Percentyl według liczby udzielonych odpowiedzi

Procent ludzi z każdym wynikiem

Twoja historia wyników

Nie rozwiązałeś tego quizu